00477nam a2200109Ia 4500008004100000050002100041100002500062245014200087260008600229300002900315521002300344140724s9999 xx 000 0 und d aP 93b.T882 2011 aTsuruoka, Ma Rosa I. 3aAn analysis of the promotional materials of the College Division of Southville International School and Colleges /cMa. Rosa I. Tsuruoka. aLas Piñas, Philippines :bSouthville International School and Colleges,cc2011. a138 p. :bill. ;c28 cm. aMass Communication